000 02443nam a2200349 i 4500
003 DO-SdBNP
005 20231114070035.0
007 ta
008 150209s2008 dr acb d 000 0 spa d
020 _a9945170120
040 _aDO-SdBNP
_bspa
_cBNPHU
_erda
082 _222
_bH116
245 0 0 _aHablamos de Dios. :
_b4to. de educación media /
_cilustraciones Sofia Balzola, Alfonso Ruano, César Escolar, Olga Pérez : mapas y grafícos Jacinto Rodríguez
264 1 _aSanto Domingo :
_bSM,
_c2008.
300 _a127 páginas
_bilustraciones, retratos, mapas
_c28 cm.
336 _2rdacontent
_atexto
_btxt
337 _2rdamedia
_asin mediación
_bn
338 _2rdacarrier
_avolumen
_bnc
490 1 _aEducación en valores
500 _aEducación media.
500 _aFormación integral humana y religiosa.
505 _gUnidad 1: Decidir para encontrar la felicidad :
_t¿Cómo decidimos? --
_tLos valores y la felicidad --
_tLas normas y las leyes. La conciencia --
_tValores fundamentales de la moral cristiana --
_gUnidad 2: Responsables ante la vida :
_tUn proyecto de vida --
_tAfectividad y sexualidad --
_tVisión cristiana sobre la vida humana --
_talgunos problemas de la defensa de la vida --
_gUnidad 3: El matrimonio, opción de vida cristiana :
_tDecidir responsablemente --
_tEl matrimonio --
_tLa familia --
_gUnidad 4: La sociedad en que vivimos :
_tEl sistema económico capitalista --
_tLa ciencia y la técnica --
_tLa mentalidad actual --
_tCómo vivir la fe en esta sociedad --
_gUnidad 5: Responsables ante la sociedad :
_tProblemas de la sociedad actual --
_tLa respuesta de la religiones --
_tVer, juzgar, actuar --
_gUnidad 6: La novedad de Jesús :
_tUna promesa que genera esperanza --
_tMaría y Jesús --
_tLos comienzos --
_tEl primer anuncio --
_gUnidad 7: Jesús vida y mensaje :
_tNo actúa como los demás --
_tNo habla como los demás --
_tMuere para vivir --
_tSigue presente --
_gUnidad 8: La vida cristiana :
_tVivir desde la profundidad --
_tVivir en comunidad --
_tVivir en el mundo --
_tAnexo: La biblia, un libro sagrado /
521 _aEstudiantes de secundaria.
590 _aInventariado, 2023/ YL
700 1 _aBalzola, Sofía
_eilustraciones
_984632
700 1 _aRuano, Alfonso
_eilustraciones
_923117
700 1 _aEscolar, César
_eilustraciones
_984634
700 1 _aPérez, Olga
_eilustraciones
_956467
700 1 _aRodríguez, Jacinto
_emapas y gráficos
_984635
910 _aYLockward
942 _2ddc
_cLBS1
999 _c55481
_d55481